1543 1742 1117 1136 1185 1094 1951 1314 1993 1106 1939 1509 1471 1976 1588 1285 1979 1881 1633 1717 1100 1747 1019 1302 1334 1136 1975 1723 1252 1202 1057 1970 1515 1132 1867 1966 1660 1017 1774 1691 1728 1381 1473 1148 1803 1565 1839 1896 1384 1501 1878 1217 1179 1217 1555 1060 1736 1986 1546 1935 1484 1208 1033 1677 1133 1668 1644 1548 1121 1776 1673 1959 1277 1618 1077 1172 1050 1885 1485 1501 1739 1629 1055 1205 1941 1853 1817 1021 1755 1918 1190 1394 1471 1325 1840 1574 1996 1961 1379 BCNSPRNW ULIB Ver.6.0+V

เปลี่ยนเป็นภาษาไทย

Change to English
 แสดงรายละเอียดบรรณานุกรม
  กลับหน้าหลัก

Brief Record : Get Marc (ISO 2709) : E-mail record : QR code < ปิดหน้าต่าง
LEADER : 00000nam 2200000uu 4500
001    13399114731
003     ULIB
008    120508s2550||||th 000 0 tha d
099    ^aวจ.WY18^bอ525ผ
100 0  ^aอัญชลีพร วิสิทธิ์วงษ์ อัศวเดช สละอวยพร และวัฒนา หลั่งนาค
245 00 ^aผลของการเรียนการสอนแบบผู้เรียนมีส่วนร่วมต่อผลสัมฤทธิ์ทางการเรียนและความพึงพอใจในการเรียนวิชาภาษาอังกฤษของนักศึกษาพยาบาล วิทยาลัยพยาบาลบรมราชชนนี ชัยนาท/^cอัญชลีพร วิสิทธิ์วงษ์ อัศวเดช สละอวยพร และวัฒนา หลั่งนาค
260    ^aชัยนาท :^bวิทยาลัยพยาบาลบรมราชชนนี ชัยนาท,^c2550
300    ^a65 หน้า :^bตาราง
500    ^aรายงานการวิจัย
650  7 ^aการจัดการเรียนการสอน^xวิจัย
650  7 ^aคูวามพึงพอใจ^xวิจัย
650  7 ^aการจัดการเรียนการสอน^nผู้เรียนมีส่วนร่วม^xวิจัย
700 0  ^aอัศวเดช สละอวยพร
700 0  ^aวัฒนา หลั่งนาค
710 1  ^aวิทยาลัยพยาบาลบรมราชชนนี ชัยนาท
945    ^p0^l0^i031735
995    ^a เกษร
999 ^a ใช้งานได้ทุกระบบ
รายการนี้ยังไม่มีแท็ก
คุณยังไม่ได้ล็อกอิน คุณสามารถมีกิจกรรมร่วมกับเว็บไซต์ได้ แต่ต้องล็อกอินก่อน ::
  ล็อกอิน

รายการสื่อสารสนเทศ

ลำดับที่ ประเภท เลขเรียก/บาร์โค้ด สถานที่ สถานะ
1. วิทยาศาสตร์การแพทย์ และสุขภาพ
วิทยาศาสตร์การแพทย์ และสุขภาพ
วจ.WY18 อ525ผ  
  Barcode: 031735
ห้องสมุดวิทยาเขตสวรรค์ประชารักษ์
►วิจัย
บนชั้น

BibComment


ยังไม่เคยถูกคอมเมนท์

คอมเมนท์ทรัพยากรรายการนี้
  คอมเมนท์: ผลของการเรียนการ..


 Copyright 2026. Bcnsprnw @Library